¡Quién me mandaría meterme en obras! / (Record no. 196960)

MARC details
000 -LEADER
campo de control de longitud fija 01095nam a2200289 i 4500
001 - NÚMERO DE CONTROL
campo de control 196960
003 - IDENTIFICADOR DE NÚMERO DE CONTROL
campo de control ES-MaACL
005 - FECHA Y HORA DE LA ÚLTIMA TRANSACCIÓN
campo de control 20250811063214.0
008 - DATOS DE LONGITUD FIJA--INFORMACIÓN GENERAL
campo de control de longitud fija 250227b2003 sp ||||| |||| 00| 0 spa d
017 ## - NÚMERO DE COPYRIGHT O DE DEPÓSITO LEGAL
Número de copyright o de depósito legal NA 1770-2003
Agencia que asigna Oficina Depósito Legal Navarra
040 ## - FUENTE DE CATALOGACIÓN
Lengua de catalogación spa
Centro/agencia transcriptor ES-MaACL
245 ## - MENCIÓN DEL TÍTULO
Título ¡Quién me mandaría meterme en obras! /
Mención de responsabilidad, etc. Gomaespuma.
260 ## - PUBLICACIÓN, DISTRIBUCIÓN, ETC.
Lugar de publicación, distribución, etc. Navarra :
Nombre del editor, distribuidor, etc. Temas de hoy,
Fecha de publicación, distribución, etc. 2003.
300 ## - DESCRIPCIÓN FÍSICA
Extensión 166 páginas ;
Dimensiones 20 cm
336 ## - TIPO DE CONTENIDO
Fuente rdacontent
Término de tipo de contenido texto
337 ## - TIPO DE MEDIO
Fuente rdamedia
Nombre/término del tipo de medio sin mediación
338 ## - TIPO DE SOPORTE
Fuente rdacarrier
Nombre/término del tipo de soporte volumen
655 #7 - TERMINO DE INDIZACIÓN--GENERO/FORMA
Fuente del término tgfbne
9 (RLIN) 176428
Datos o término principal de género/forma Novelas de humor
700 1# - ENTRADA AGREGADA--NOMBRE PERSONAL
Nombre de persona Pérez de Petinto, José Fesser
Término indicativo de función/relación Autor
9 (RLIN) 241696
700 1# - ENTRADA AGREGADA--NOMBRE PERSONAL
Nombre de persona Cano Ambrós, Juan Luis
Término indicativo de función/relación Autor
9 (RLIN) 241697
852 ## - LOCALIZACIÓN
Ubicación ES-MaACL
Ubicación en estantería Depósito J
Número de control de estantería N-10387
Donativo/Legado Donación: José Lázaro García
Encuadernación Encuadernación rústica
itemnumber 206509
903 ## - NOMBRE PERSONAL DE DONANTE
9 234219
a Lázaro García, José
e Donante
942 ## - ELEMENTOS DE ENTRADA SECUNDARIOS (KOHA)
Tipo de ítem Koha Libro impreso
Suprimir en OPAC No
Holdings
Estatus retirado Estado de pérdida Fuente del sistema de clasificación o colocación Estado de daño No para préstamo Biblioteca de origen Biblioteca actual Ubicación en estantería Fecha de adquisición Fuente de adquisición Total de préstamos Signatura topográfica completa Código de barras Visto por última vez Precio de reemplazo Tipo de ítem Koha
    Clasificación decimal universal     Biblioteca del Ateneo de Madrid Biblioteca del Ateneo de Madrid Depósito J 09/08/2025 Donación   N-10387 2025-0888 09/08/2025 09/08/2025 Libro impreso